000 00615nam a2200169Ia 4500
008 110201s9999 xx 000 0 und d
082 _bB6920
_aS 1011
100 _aसोनग्रा रतनलाल
245 _aआमची चळवळ आमची माणसं
260 _bआनंद प्रकाशन
365 _b90
600 _aसोनग्रा रतनलाल
630 _aआमची चळवळ आमची माणसं
700 _aसोनग्रा रतनलाल
730 _aआमची चळवळ आमची माणसं
942 _cBOOK
999 _c832493
_d832490